00742nam a2200241 a 4500001001300000003000900013005001700022008004100039020001000080082001700090100002500107245005100132260005400183300000900237500003500246505002400281650002300305700002500328902000800353942000700361952011700368999001500485nice12345678IN_TiNIC20260116011740.0050524s1961 hyda grp 000 0 urd  ac10000a297.409bQAT aQateel, Abdul Hafeez aNiranji Khudanuma Ke Halaat Awr Adabi Khidmaat aHyderabad bMarkazi Anjuman Taleemus Salat c1961 a130p aincludes index and biblioraphy2 aBibliography, Index aSufism-Hagiography1 aQateel, Abdul Hafeez bSRS cBK 001040708StackRoom-aHMIbHMId2007-07-03g100.00l0o297.409 QATp07665r2007-07-03v100.00w2005-05-24yBK c3673d3673